Entry Personal Name
Number of records used in: 1
001 - CONTROL NUMBER
003 - CONTROL NUMBER IDENTIFIER
005 - DATE AND TIME OF LATEST TRANSACTION
- control field:
20230915101313.0
008 - FIXED-LENGTH DATA ELEMENTS
- fixed length control field:
940526n| azannaabn |a aaa
010 ## - LIBRARY OF CONGRESS CONTROL NUMBER
- LC control number:
n 89284801
035 ## - SYSTEM CONTROL NUMBER
- System control number:
(OCoLC)oca03612694
040 ## - CATALOGING SOURCE
- Original cataloging agency:
DLC
- Language of cataloging:
eng
- Description conventions:
rda
- Transcribing agency:
DLC
- Modifying agency:
DLC
- Modifying agency:
OCoLC
- Modifying agency:
DLC
046 ## - SPECIAL CODED DATES
- Birth date:
1948
- Source of date scheme:
edtf
053 #0 - LC CLASSIFICATION NUMBER
- Classification number element--single number or beginning number of span:
PL4718.9.M2454
100 1# - HEADING--PERSONAL NAME
- Personal name:
Mādhavan, En. Es.,
- Dates associated with a name:
1948-
370 ## - ASSOCIATED PLACE
- Associated country:
India
- Source of term:
naf
372 ## - FIELD OF ACTIVITY
- Field of activity:
Literature
- Field of activity:
Civil service
- Source of term:
lcsh
373 ## - ASSOCIATED GROUP
- Associated group:
Indian Administrative Service
- Source of term:
naf
374 ## - OCCUPATION
- Occupation:
Authors
- Occupation:
Civil servants
- Source of term:
lcsh
375 ## - GENDER
- Gender:
Males
- Source of term:
lcdgt
377 ## - ASSOCIATED LANGUAGE
400 1# - SEE FROM TRACING--PERSONAL NAME
- Personal name:
Madhavan, N. S.,
- Dates associated with a name:
1948-
670 ## - SOURCE DATA FOUND
- Source citation:
His Higvit̲t̲a, 1993:
- Information found:
t.p. (En. Es. Mādhavan) t.p. verso (N.S. Madhavan) p. opp. t.p. (b. 1948; studied econ., U. of Kerala; IAS, 1975; was spl. secy., Dept. of Econ., Govt. of Kerala; currently with Min. of Civil Supplies, Govt. of India)